[Event "4NCL Division 3 North"]
[Site "Doncaster, ENG"]
[Date "2017.11.11"]
[Round "1.11"]
[White "Paterson, Andrew I"]
[Black "Kavon, Rastislav"]
[Result "1-0"]
[WhiteElo "2095"]
[BlackElo "2243"]
[PlyCount "93"]
[EventDate "2017.11.11"]
[WhiteTeam "Warwickshire Select 2"]
[BlackTeam "Castleford Roses"]

1. c4 Nf6 2. Nc3 g6 3. g3 Bg7 4. Bg2 O-O 5. e4 d6 6. Nge2 e5 7. O-O Be6 8. d3
Qd7 9. f4 Bh3 10. f5 Bxg2 11. Kxg2 c6 12. Rf3 d5 13. Qf1 dxe4 14. dxe4 gxf5 15.
Rxf5 Qe6 16. Qf3 Nbd7 17. b3 Rfc8 18. Ba3 Bf8 19. Bxf8 Rxf8 20. Nd1 Ne8 21. Ne3
Nd6 22. Rh5 Kh8 23. Rd1 Rad8 24. g4 f6 25. Ng3 Nf7 26. Nef5 Nc5 27. Rxd8 Rxd8
28. Qe3 Nd3 29. Ne2 Ng5 30. h4 Nf4+ 31. Nxf4 exf4 32. Qxf4 Qxe4+ 33. Qxe4 Nxe4
34. Kf3 Nc3 35. Rh6 Nxa2 36. Rxf6 Nc1 37. Rf7 Nxb3 38. Rxb7 Nd2+ 39. Kf4 a5 40.
Kg5 Ne4+ 41. Kh6 Nf6 42. g5 Ng8+ 43. Kh5 Ra8 44. g6 Nf6+ 45. Kg5 hxg6 46. Kxg6
Ne8 47. Rh7+ 1-0

[Event "4NCL Division 3 North"]
[Site "Doncaster, ENG"]
[Date "2017.11.11"]
[Round "1.12"]
[White "Lintner, Igor"]
[Black "Page, Mark E"]
[Result "0-1"]
[WhiteElo "2175"]
[BlackElo "2121"]
[PlyCount "54"]
[EventDate "2017.11.11"]
[WhiteTeam "Castleford Roses"]
[BlackTeam "Warwickshire Select 2"]

1. e4 c5 2. Nf3 Nf6 3. Nc3 d6 4. d4 cxd4 5. Nxd4 a6 6. Nb3 g6 7. Be2 Bg7 8. g4
Nc6 9. h4 h5 10. g5 Ng4 11. Bxg4 hxg4 12. Be3 Ne5 13. Nd2 Be6 14. Qe2 Rc8 15.
Bd4 b5 16. O-O-O Qc7 17. Nb3 Bc4 18. Qd2 Nf3 19. Qe3 Nxd4 20. Nxd4 b4 21. b3
bxc3 22. bxc4 Qxc4 23. Nb3 a5 24. Qd3 Qb4 25. Rdg1 a4 26. Qa6 O-O 27. Qa5 Qxe4
0-1

[Event "4NCL Division 3 North"]
[Site "Doncaster, ENG"]
[Date "2017.11.11"]
[Round "1.13"]
[White "Cooper, David M"]
[Black "Meszaros, Norbert"]
[Result "0-1"]
[WhiteElo "2025"]
[BlackElo "2149"]
[PlyCount "84"]
[EventDate "2017.11.11"]
[WhiteTeam "Warwickshire Select 2"]
[BlackTeam "Castleford Roses"]

1. c4 Nf6 2. g3 g6 3. Bg2 Bg7 4. Nc3 O-O 5. e4 c5 6. Nge2 d6 7. O-O Nc6 8. d3
Bd7 9. h3 a6 10. Be3 Rb8 11. Qd2 Re8 12. Rad1 b5 13. b3 Qc8 14. Kh2 b4 15. Nd5
Nxd5 16. cxd5 Nd4 17. Rc1 Qb7 18. f4 a5 19. e5 Nxe2 20. Qxe2 Qa6 21. Qd2 Bb5
22. Rfd1 a4 23. d4 c4 24. bxc4 Bxc4 25. Bf1 Bxf1 26. Rxf1 b3 27. axb3 Rxb3 28.
Rf2 a3 29. Rc2 Reb8 30. Qc1 Qd3 31. Rfe2 Rb2 32. Rxb2 axb2 33. Rxb2 Rxb2+ 34.
Qxb2 Qxe3 35. h4 h5 36. Qb4 Qf2+ 37. Kh3 Qg1 38. Qd2 Qh1+ 39. Qh2 Qxd5 40. Qf2
Qh1+ 41. Qh2 Qxh2+ 42. Kxh2 f5 0-1

[Event "4NCL Division 3 North"]
[Site "Doncaster, ENG"]
[Date "2017.11.11"]
[Round "1.14"]
[White "Meszarosova, Eva"]
[Black "Purcell, Philip"]
[Result "1/2-1/2"]
[WhiteElo "1818"]
[BlackElo "2057"]
[PlyCount "168"]
[EventDate "2017.11.11"]
[WhiteTeam "Castleford Roses"]
[BlackTeam "Warwickshire Select 2"]

1. e4 c5 2. Nf3 d6 3. d4 cxd4 4. Nxd4 Nf6 5. Nc3 g6 6. Be3 Bg7 7. Bc4 Nc6 8.
Nxc6 bxc6 9. f3 O-O 10. Qd2 Re8 11. O-O-O Qa5 12. Bb3 Rb8 13. g4 Be6 14. Kb1
Bxb3 15. cxb3 Rb7 16. Bh6 Bh8 17. h4 c5 18. h5 c4 19. hxg6 fxg6 20. Qh2 cxb3
21. a3 Rc7 22. Bd2 Qa6 23. Bg5 Qb7 24. Bxf6 exf6 25. Qxd6 Rce7 26. Nd5 Rf7 27.
Rc1 Qb8 28. Qc5 Bg7 29. Qc6 f5 30. gxf5 Qe5 31. Rc3 gxf5 32. Rxb3 fxe4 33. Re1
Rd8 34. fxe4 Rf2 35. Nc3 Rf6 36. Qc4+ Qe6 37. Nd5 Rf7 38. Rb5 Rc8 39. Rc5 Rxc5
40. Qxc5 Qe5 41. Re2 h5 42. Qc8+ Rf8 43. Qd7 Rf7 44. Qh3 Rf8 45. Qh2 Rf1+ 46.
Ka2 Qxh2 47. Rxh2 Re1 48. Nc3 Bxc3 49. bxc3 Rxe4 50. Rxh5 Kf7 51. Rh7+ Ke6 52.
Rxa7 Kd5 53. Kb3 Kc5 54. Rb7 Re1 55. Rc7+ Kb6 56. Rd7 Kc5 57. Rd4 Rb1+ 58. Kc2
Rh1 59. a4 Rh8 60. Rb4 Rh1 61. Kb2 Rg1 62. a5 Rh1 63. a6 Rh7 64. Rb7 Rh6 65. a7
Ra6 66. Kb3 Ra1 67. Rg7 Kb5 68. c4+ Kc5 69. Rg5+ Kc6 70. Kb4 Rb1+ 71. Kc3 Ra1
72. Kd4 Rd1+ 73. Ke5 Ra1 74. Rg7 Re1+ 75. Kf6 Ra1 76. Re7 Kc5 77. Rc7+ Kd6 78.
Rb7 Kc6 79. Re7 Kc5 80. Rd7 Kxc4 81. Ke7 Kc5 82. Kd8 Kb6 83. Kc8 Rxa7 84. Rxa7
Kxa7 1/2-1/2

[Event "4NCL Division 3 North"]
[Site "Doncaster, ENG"]
[Date "2017.11.11"]
[Round "1.15"]
[White "McCumiskey, Andrew P"]
[Black "Koselova, Zuzana"]
[Result "1-0"]
[WhiteElo "2080"]
[BlackElo "1822"]
[PlyCount "47"]
[EventDate "2017.11.11"]
[WhiteTeam "Warwickshire Select 2"]
[BlackTeam "Castleford Roses"]

1. e4 e5 2. Nf3 Nc6 3. b3 Nf6 4. d3 Bc5 5. Be2 d6 6. O-O O-O 7. Bg5 Ne7 8. Bxf6
gxf6 9. d4 Bb6 10. Nc3 a6 11. Qd2 Ng6 12. Rad1 Kh8 13. Qh6 Nf4 14. dxe5 Nxe2+
15. Nxe2 Rg8 16. exd6 Rg6 17. Qf4 cxd6 18. Rxd6 Qg8 19. Rxb6 Bh3 20. Ng3 Be6
21. Nh4 Rg5 22. Qxf6+ Qg7 23. Qxg7+ Kxg7 24. Nhf5+ 1-0

[Event "4NCL Division 3 North"]
[Site "Doncaster, ENG"]
[Date "2017.11.11"]
[Round "1.16"]
[White "Sucikova, Katarina"]
[Black "Patel, Devan"]
[Result "0-1"]
[WhiteElo "1652"]
[BlackElo "1795"]
[PlyCount "54"]
[EventDate "2017.11.11"]
[WhiteTeam "Castleford Roses"]
[BlackTeam "Warwickshire Select 2"]

1. e4 Nc6 2. Nf3 e5 3. Bc4 Bc5 4. c3 Nf6 5. d3 h6 6. a3 d6 7. d4 exd4 8. cxd4
Bb6 9. Nc3 Bg4 10. Be3 O-O 11. Qd3 Re8 12. Nd2 Qe7 13. O-O Rad8 14. Nd5 Nxd5
15. Bxd5 Be6 16. Bb3 Bxb3 17. Qxb3 Nxd4 18. Qd5 Qe5 19. Rac1 Qxd5 20. exd5 Ne2+
21. Kh1 Bxe3 22. fxe3 Nxc1 23. Rxc1 Rxe3 24. Kg1 Rde8 25. Nf3 R8e7 26. Rc2 Re2
27. Rxe2 Rxe2 0-1

[Event "4NCL Division 3 North"]
[Site "Doncaster, ENG"]
[Date "2017.11.11"]
[Round "1.21"]
[White "Watson, Phil R"]
[Black "Garnett, John S"]
[Result "1-0"]
[WhiteElo "2184"]
[BlackElo "1921"]
[PlyCount "59"]
[EventDate "2017.11.11"]
[WhiteTeam "Bradford DCA Knights A"]
[BlackTeam "Ashfield-Breadsall 2"]

1. d4 Nf6 2. c4 e5 3. dxe5 Ng4 4. Bf4 Nc6 5. Nf3 Bb4+ 6. Nc3 Bxc3+ 7. bxc3 Qe7
8. Qd5 f6 9. exf6 Nxf6 10. Qd3 d6 11. g3 O-O 12. Bg2 Re8 13. O-O Qxe2 14. Qxe2
Rxe2 15. Nd4 Nxd4 16. cxd4 Be6 17. Bxb7 Rb8 18. Bf3 Rc2 19. c5 dxc5 20. Bxc7
Rc8 21. Be5 Bxa2 22. Bd1 Rd2 23. Rxa2 Rxa2 24. Bb3+ c4 25. Bxa2 Ne4 26. Rc1 Nd2
27. Rc2 Nf3+ 28. Kh1 Kh8 29. Rxc4 Rf8 30. Rc7 1-0

[Event "4NCL Division 3 North"]
[Site "Doncaster, ENG"]
[Date "2017.11.11"]
[Round "1.22"]
[White "Truman, Richard G"]
[Black "Chapman, Julian R"]
[Result "1/2-1/2"]
[WhiteElo "1903"]
[BlackElo "2117"]
[PlyCount "63"]
[EventDate "2017.11.11"]
[WhiteTeam "Ashfield-Breadsall 2"]
[BlackTeam "Bradford DCA Knights A"]

1. e4 c5 2. Nf3 d6 3. d4 cxd4 4. Nxd4 Nf6 5. Nc3 a6 6. Bg5 e6 7. f4 Be7 8. Qf3
Qc7 9. O-O-O Nbd7 10. g4 h6 11. Bxf6 Bxf6 12. h4 Qb6 13. Nb3 Nc5 14. Bg2 Nxb3+
15. axb3 Bd7 16. g5 Bd4 17. Rhe1 O-O-O 18. Rd3 hxg5 19. hxg5 Bc6 20. Red1 Bc5
21. Na4 Qa5 22. Nxc5 dxc5 23. Kb1 Rxd3 24. Rxd3 Rd8 25. Rxd8+ Kxd8 26. f5 Qe1+
27. Ka2 Qa5+ 28. Kb1 exf5 29. Qxf5 Qe1+ 30. Ka2 Qd2 31. Bf3 Qa5+ 32. Kb1
1/2-1/2

[Event "4NCL Division 3 North"]
[Site "Doncaster, ENG"]
[Date "2017.11.11"]
[Round "1.23"]
[White "Jennings, Roger W"]
[Black "Burke, Steven J"]
[Result "1/2-1/2"]
[WhiteElo "2029"]
[BlackElo "1910"]
[PlyCount "76"]
[EventDate "2017.11.11"]
[WhiteTeam "Bradford DCA Knights A"]
[BlackTeam "Ashfield-Breadsall 2"]

1. g3 d6 2. d4 g6 3. Bg2 Bg7 4. Nf3 c6 5. O-O Qc7 6. c4 e5 7. Nc3 Ne7 8. dxe5
dxe5 9. e4 Be6 10. b3 h6 11. Ba3 Nc8 12. Rc1 Qa5 13. Na4 Nb6 14. Nxb6 axb6 15.
Bd6 Nd7 16. a4 f6 17. Nh4 Kf7 18. f4 exf4 19. gxf4 f5 20. exf5 Bxf5 21. Nxf5
Qxf5 22. Be5 Nc5 23. Qd6 Qd7 24. Qxd7+ Nxd7 25. Rcd1 Nxe5 26. fxe5+ Ke7 27. e6
Bf8 28. Rd7+ Kxe6 29. Bh3+ Ke5 30. Re1+ Kf6 31. Re6+ Kg5 32. Rxb7 Bc5+ 33. Kg2
Rhe8 34. Rc7 Rad8 35. Rxe8 Rxe8 36. Rxc6 Re2+ 37. Kg3 Re3+ 38. Kg2 Re2+ 1/2-1/2

[Event "4NCL Division 3 North"]
[Site "Doncaster, ENG"]
[Date "2017.11.11"]
[Round "1.24"]
[White "Taylor, Robert P"]
[Black "Bak, Christopher"]
[Result "0-1"]
[WhiteElo "1822"]
[BlackElo "2014"]
[PlyCount "88"]
[EventDate "2017.11.11"]
[WhiteTeam "Ashfield-Breadsall 2"]
[BlackTeam "Bradford DCA Knights A"]

1. d4 Nf6 2. Bg5 e6 3. Nd2 h6 4. Bh4 d6 5. e3 Nbd7 6. Bd3 Be7 7. Ngf3 b6 8. c4
c5 9. h3 Bb7 10. O-O O-O 11. b3 Nh5 12. Bxe7 Qxe7 13. Nh2 Nhf6 14. Qc2 Rac8 15.
Rae1 Nb8 16. Ndf3 b5 17. cxb5 cxd4 18. Qd2 dxe3 19. Qxe3 Rc5 20. Rc1 Nd5 21.
Qd2 Nd7 22. Rxc5 Nxc5 23. Bc2 e5 24. Re1 Rc8 25. b4 Ne6 26. Bb3 Nc3 27. a4 Qc7
28. Qe3 Bd5 29. Bd1 Nf4 30. Nf1 Be6 31. Nd4 Nxh3+ 32. gxh3 exd4 33. Qxd4 Bxh3
34. Qh4 Be6 35. Ne3 Qb7 36. Ng4 Nxd1 37. Rxd1 Qf3 38. Ne3 d5 39. Qd4 Rc7 40. a5
h5 41. b6 axb6 42. Qxb6 Rc4 43. Qb8+ Kh7 44. Re1 Rh4 0-1

[Event "4NCL Division 3 North"]
[Site "Doncaster, ENG"]
[Date "2017.11.11"]
[Round "1.25"]
[White "Nicholson, Jim W R"]
[Black "Hill, Maurice J"]
[Result "1/2-1/2"]
[WhiteElo "2006"]
[BlackElo "1809"]
[PlyCount "182"]
[EventDate "2017.11.11"]
[WhiteTeam "Bradford DCA Knights A"]
[BlackTeam "Ashfield-Breadsall 2"]

1. d4 Nf6 2. Nf3 c5 3. e3 b6 4. Bd3 Bb7 5. O-O e6 6. b3 Be7 7. Nbd2 Nc6 8. Bb2
O-O 9. Ne5 d6 10. Nxc6 Bxc6 11. c4 Rc8 12. Qe2 cxd4 13. exd4 d5 14. Rac1 Rc7
15. f4 Qa8 16. f5 exf5 17. Rxf5 Re8 18. Qf1 Bd7 19. Rf4 Be6 20. Qd1 Qd8 21. Nf1
g6 22. Ng3 Bd6 23. Rf1 Ng4 24. Qf3 Nxh2 25. Qf2 Nxf1 26. Nxf1 Qg5 27. Rc2 Qf4
28. Qxf4 Bxf4 29. g3 Bh6 30. Re2 Rec8 31. cxd5 Bxd5 32. Nh2 Bc1 33. Bxc1 Rxc1+
34. Kf2 f5 35. g4 Be4 36. Bc4+ Kg7 37. gxf5 gxf5 38. Nf1 Rc2 39. Nd2 Rd8 40.
Ke3 Rc3+ 41. Kf4 Rxd4 42. Ke5 Rd8 43. Nxe4 fxe4 44. Rg2+ Kh6 45. Kxe4 Re8+ 46.
Kd4 Rh3 47. Rf2 Rd8+ 48. Ke4 Rh4+ 49. Ke5 Rh5+ 50. Ke6 Rh1 51. Rg2 Rd4 52. Ke5
Rd8 53. a4 Re1+ 54. Kf4 Rf8+ 55. Kg3 Re3+ 56. Kg4 Rf6 57. Rh2+ Kg7 58. Rd2 Re7
59. Rd8 Rf8 60. Rd2 Rf6 61. Rd8 Kh6 62. Rd2 Rg7+ 63. Kh4 Rf5 64. Be2 Rf2 65.
Kh3 Re7 66. Rd6+ Kg7 67. Bc4 Rf6 68. Rd2 Kh6 69. Kg4 Rg7+ 70. Kh3 Rf5 71. Be2
Rfg5 72. Bd1 Rg1 73. Kh2 Rf1 74. Rd6+ Kg5 75. Kg2 Rf4 76. Rd2 Kh4+ 77. Kh2 Rgf7
78. Kg2 h5 79. Be2 Rg7+ 80. Kh1 Kg3 81. Bc4 Rf2 82. Rd3+ Rf3 83. Rd2 Kf4 84.
Kh2 Ke3 85. Rd3+ Kf2 86. Rd2+ Ke3 87. Rd3+ Kf4 88. Rd2 h4 89. Rd4+ Kg5 90. Rd5+
Rf5 91. Rd2 Rf4 1/2-1/2

[Event "4NCL Division 3 North"]
[Site "Doncaster, ENG"]
[Date "2017.11.11"]
[Round "1.26"]
[White "Gogia, Armaan"]
[Black "Bak, Andrew"]
[Result "0-1"]
[WhiteElo "1787"]
[BlackElo "1996"]
[PlyCount "36"]
[EventDate "2017.11.11"]
[WhiteTeam "Ashfield-Breadsall 2"]
[BlackTeam "Bradford DCA Knights A"]

1. e4 e5 2. Nf3 Nc6 3. Bb5 f5 4. d3 fxe4 5. dxe4 Nf6 6. O-O Bc5 7. Nc3 d6 8.
Bg5 Be6 9. Nd5 O-O 10. Nh4 Bxd5 11. Bxf6 Qxf6 12. Qxd5+ Kh8 13. Nf5 g6 14. Ne3
Nd4 15. Ng4 Qg5 16. Bd7 Rad8 17. h4 Qxh4 18. Nxe5 Ne2# 0-1

[Event "4NCL Division 3 North"]
[Site "Doncaster, ENG"]
[Date "2017.11.11"]
[Round "1.31"]
[White "Jessel, Stephen"]
[Black "Ackley, Peter J E"]
[Result "1/2-1/2"]
[WhiteElo "2340"]
[BlackElo "2029"]
[PlyCount "91"]
[EventDate "2017.11.11"]
[WhiteTeam "Gonzaga"]
[BlackTeam "Spirit of Atticus B"]

1. Nf3 Nf6 2. c4 e6 3. g3 d5 4. Bg2 dxc4 5. Qc2 Nbd7 6. Na3 Bxa3 7. bxa3 O-O 8.
Bb2 c5 9. O-O b5 10. a4 a6 11. axb5 axb5 12. a4 Rxa4 13. Rxa4 bxa4 14. Qxa4 Qb6
15. Bxf6 Nxf6 16. Ne5 Qb4 17. Qc2 Ba6 18. Qa2 Qb6 19. Rb1 Qd6 20. Nc6 Bc8 21.
Qxc4 Bd7 22. Na5 Qxd2 23. Nb3 Qb4 24. Qxc5 Rb8 25. Qc1 Ba4 26. Nd2 Qd6 27. Ra1
Bb5 28. Bf3 Rd8 29. Nc4 Qc5 30. Na5 Qxc1+ 31. Rxc1 g6 32. Rb1 Ba4 33. Rb4 Bc2
34. Nc6 Rd7 35. Ne5 Rc7 36. g4 g5 37. h3 Kg7 38. Kh2 Rc5 39. Nc4 Nd5 40. Bxd5
Rxd5 41. Ne3 Rc5 42. h4 gxh4 43. Kh3 Bg6 44. Kxh4 Re5 45. Kg3 h5 46. Rb2
1/2-1/2

[Event "4NCL Division 3 North"]
[Site "Doncaster, ENG"]
[Date "2017.11.11"]
[Round "1.32"]
[White "Bimpson, Tom"]
[Black "Jackson, Carl"]
[Result "0-1"]
[WhiteElo "2009"]
[BlackElo "2134"]
[PlyCount "64"]
[EventDate "2017.11.11"]
[WhiteTeam "Spirit of Atticus B"]
[BlackTeam "Gonzaga"]

1. d4 c5 2. d5 Nf6 3. Bf4 b5 4. a4 b4 5. c4 bxc3 6. Nxc3 Ba6 7. Nb5 Bxb5 8.
axb5 Qb6 9. e3 g6 10. Bc4 d6 11. Ne2 Bg7 12. Nc3 O-O 13. h3 Nbd7 14. O-O Qb7
15. Be2 Nb6 16. e4 Ne8 17. Qd2 Nc7 18. Bh6 Bxh6 19. Qxh6 a6 20. bxa6 Nxa6 21.
f4 Nb4 22. Rxa8 Rxa8 23. Bb5 Nd7 24. f5 Nf6 25. g4 Qc8 26. Bc4 Qf8 27. Qf4 Nd7
28. g5 Ne5 29. Nb5 Nc2 30. Be2 Nd4 31. Bg4 Rb8 32. Rf2 Nd3 0-1

[Event "4NCL Division 3 North"]
[Site "Doncaster, ENG"]
[Date "2017.11.11"]
[Round "1.33"]
[White "Delaney, Killian"]
[Black "Johnson, Michael D"]
[Result "1/2-1/2"]
[WhiteElo "2204"]
[BlackElo "1981"]
[PlyCount "62"]
[EventDate "2017.11.11"]
[WhiteTeam "Gonzaga"]
[BlackTeam "Spirit of Atticus B"]

1. e4 e6 2. d4 d5 3. Nd2 c5 4. exd5 exd5 5. Ngf3 Nf6 6. Bb5+ Bd7 7. Bxd7+ Nbxd7
8. O-O Be7 9. dxc5 Nxc5 10. Nb3 Nxb3 11. axb3 O-O 12. Be3 a6 13. Qd3 Qc7 14. c3
Rad8 15. Bd4 Nd7 16. b4 Bf6 17. Ra5 Bxd4 18. Qxd4 Nf6 19. Rfa1 Rfe8 20. b5 axb5
21. Rxb5 Ra8 22. Rxa8 Rxa8 23. g3 h6 24. Qb6 Ra1+ 25. Kg2 Qc4 26. Nd2 Qe2 27.
Qxb7 Kh7 28. Rxd5 Nxd5 29. Qxd5 Rd1 30. Qf5+ Kg8 31. Qc8+ Kh7 1/2-1/2

[Event "4NCL Division 3 North"]
[Site "Doncaster, ENG"]
[Date "2017.11.11"]
[Round "1.34"]
[White "Phillips, David A"]
[Black "Moran, Stephen"]
[Result "1/2-1/2"]
[WhiteElo "1942"]
[BlackElo "2123"]
[PlyCount "65"]
[EventDate "2017.11.11"]
[WhiteTeam "Spirit of Atticus B"]
[BlackTeam "Gonzaga"]

1. e4 e6 2. c4 d5 3. exd5 exd5 4. cxd5 Nf6 5. Bb5+ Nbd7 6. Nc3 Be7 7. Nf3 O-O
8. O-O Nb6 9. d4 Bf5 10. Re1 a6 11. Bd3 Bxd3 12. Qxd3 Nbxd5 13. Bg5 Re8 14. Re5
Nb4 15. Qc4 b5 16. Qb3 Nc6 17. Rae1 Qd7 18. R5e2 h6 19. Bh4 g5 20. Bg3 Bd6 21.
Be5 Nh7 22. Bxd6 Rxe2 23. Rxe2 Qxd6 24. Ne5 Nxe5 25. dxe5 Qe6 26. Qxe6 fxe6 27.
Ne4 Rd8 28. g4 Rd5 29. Nc3 Rd4 30. Re4 Rd2 31. Re2 Rd4 32. Re4 Rd2 33. Re2
1/2-1/2

[Event "4NCL Division 3 North"]
[Site "Doncaster, ENG"]
[Date "2017.11.11"]
[Round "1.35"]
[White "Murray, David"]
[Black "Mort, Andrew J"]
[Result "1-0"]
[WhiteElo "2128"]
[BlackElo "1900"]
[PlyCount "45"]
[EventDate "2017.11.11"]
[WhiteTeam "Gonzaga"]
[BlackTeam "Spirit of Atticus B"]

1. e4 c5 2. Nf3 Nc6 3. Bb5 g6 4. O-O Bg7 5. c3 Nf6 6. Re1 O-O 7. d4 cxd4 8.
cxd4 d5 9. e5 Ne8 10. h3 Nc7 11. Bf1 f6 12. Nc3 fxe5 13. dxe5 e6 14. Bg5 Qd7
15. Rc1 Rf5 16. Bd3 Rxf3 17. Qxf3 Nxe5 18. Qg3 Nxd3 19. Qxd3 b6 20. Bf4 Na6 21.
Qg3 Qf7 22. Nb5 Nc5 23. Nc7 1-0

[Event "4NCL Division 3 North"]
[Site "Doncaster, ENG"]
[Date "2017.11.11"]
[Round "1.36"]
[White "Hulme, David I"]
[Black "Freeman, Gordon"]
[Result "0-1"]
[WhiteElo "1904"]
[BlackElo "2111"]
[PlyCount "68"]
[EventDate "2017.11.11"]
[WhiteTeam "Spirit of Atticus B"]
[BlackTeam "Gonzaga"]

1. e4 c5 2. Nf3 e6 3. d4 cxd4 4. Nxd4 a6 5. a4 Nf6 6. Bd3 Qc7 7. Nc3 Nc6 8.
Nde2 Bc5 9. Bf4 d6 10. O-O Ne7 11. h3 Bd7 12. Kh1 Bc6 13. Bh2 Rd8 14. f3 O-O
15. Qd2 Qc8 16. Qg5 e5 17. f4 h6 18. Qg3 d5 19. exd5 Nfxd5 20. Ne4 Nf5 21. Qe1
Nde3 22. Rf3 Nd6 23. Nxc5 Bxf3 24. gxf3 Qxc5 25. Bg1 Qc6 26. Qf2 exf4 27. Nxf4
Nef5 28. Nh5 Rfe8 29. Bh2 Re3 30. Rg1 Qxf3+ 31. Qxf3 Rxf3 32. Nxg7 Nxg7 33.
Rxg7+ Kxg7 34. Be5+ f6 0-1

[Event "4NCL Division 3 North"]
[Site "Doncaster, ENG"]
[Date "2017.11.11"]
[Round "1.41"]
[White "Clarke, Stuart W"]
[Black "O'Neill, Paul Sean"]
[Result "1-0"]
[WhiteElo "2241"]
[BlackElo "1956"]
[PlyCount "59"]
[EventDate "2017.11.11"]
[WhiteTeam "3Cs 2"]
[BlackTeam "Enniscorthy"]

1. e4 e5 2. Nf3 Nc6 3. Bc4 Bc5 4. c3 Nf6 5. d3 h6 6. O-O O-O 7. b4 Bd6 8. Re1
Ne7 9. d4 Ng6 10. h4 Qe7 11. Bb3 c6 12. h5 Nxh5 13. Nbd2 Bc7 14. Nc4 exd4 15.
Nxd4 Nhf4 16. Nf3 d6 17. Ne3 Be6 18. c4 Rad8 19. Bb2 Nh4 20. Nf5 Bxf5 21. exf5
Nxf3+ 22. Qxf3 Qg5 23. f6 g6 24. Re7 Ne6 25. Re1 Bb8 26. Bc1 Qh4 27. Re4 Qh5
28. Qxh5 gxh5 29. Bxh6 Rfe8 30. R4xe6 1-0

[Event "4NCL Division 3 North"]
[Site "Doncaster, ENG"]
[Date "2017.11.11"]
[Round "1.42"]
[White "Plaza Reino, Agustin"]
[Black "Reeve, Andy K"]
[Result "1/2-1/2"]
[WhiteElo "1906"]
[BlackElo "2185"]
[PlyCount "37"]
[EventDate "2017.11.11"]
[WhiteTeam "Enniscorthy"]
[BlackTeam "3Cs 2"]

1. e4 d6 2. d4 Nf6 3. Nc3 c6 4. Be3 Qa5 5. Qd2 e5 6. Nf3 Nbd7 7. a4 Be7 8. Bc4
b5 9. Bd3 O-O 10. O-O b4 11. Ne2 Re8 12. Ng3 Bb7 13. dxe5 Nxe5 14. Nxe5 dxe5
15. Qe2 Bc8 16. h3 Be6 17. Bc4 Rad8 18. b3 h6 19. Rad1 1/2-1/2

[Event "4NCL Division 3 North"]
[Site "Doncaster, ENG"]
[Date "2017.11.11"]
[Round "1.43"]
[White "Bentley, John L"]
[Black "Plaza Reino, Mercedes"]
[Result "1-0"]
[WhiteElo "2123"]
[BlackElo "1816"]
[PlyCount "71"]
[EventDate "2017.11.11"]
[WhiteTeam "3Cs 2"]
[BlackTeam "Enniscorthy"]

1. d4 d5 2. c4 e6 3. Nc3 Nf6 4. cxd5 exd5 5. Bg5 Be7 6. e3 Nbd7 7. Bd3 c6 8.
Qc2 Nf8 9. Nge2 Ne6 10. Bxf6 Bxf6 11. O-O-O g6 12. g4 O-O 13. f4 Ng7 14. g5 Be7
15. Ng3 Bd6 16. h4 Bg4 17. Rdf1 Qc7 18. Kb1 Rfe8 19. Qf2 b5 20. h5 b4 21. Na4
Ne6 22. hxg6 fxg6 23. Rh4 Bf5 24. Nxf5 gxf5 25. Bxf5 Nf8 26. Rfh1 Re7 27. Bc2
Rae8 28. R4h3 Rg7 29. Rh5 Qe7 30. R1h3 Rd8 31. f5 Qc7 32. f6 Rgd7 33. Bf5 Qb7
34. b3 Rc7 35. Qg2 a5 36. g6 1-0

[Event "4NCL Division 3 North"]
[Site "Doncaster, ENG"]
[Date "2017.11.11"]
[Round "1.44"]
[White "Pocevicius, Dovydas"]
[Black "Adams, Philip"]
[Result "0-1"]
[WhiteElo "1679"]
[BlackElo "2117"]
[PlyCount "108"]
[EventDate "2017.11.11"]
[WhiteTeam "Enniscorthy"]
[BlackTeam "3Cs 2"]

1. e4 c5 2. Nf3 d6 3. Bc4 Nf6 4. Qe2 e6 5. d4 cxd4 6. c3 Nc6 7. O-O Be7 8. cxd4
d5 9. exd5 Nxd5 10. Rd1 O-O 11. Nc3 Bf6 12. Ne4 h6 13. Nxf6+ Nxf6 14. Bd2 b6
15. Rac1 Qd6 16. g3 Nd5 17. Bb5 Bb7 18. a3 Rfd8 19. Ba6 Qb8 20. Bxb7 Qxb7 21.
Rc2 Rac8 22. Rdc1 Nce7 23. Rxc8 Rxc8 24. Rxc8+ Qxc8 25. Qd3 a6 26. Ne5 b5 27.
Nf3 f6 28. Ne1 Nf5 29. Nc2 Qc6 30. Ne3 Ndxe3 31. fxe3 Nd6 32. Qc3 Qf3 33. Qc1
Ne4 34. Qe1 Ng5 35. Qf1 Qd5 36. Bc3 Qe4 37. Kf2 Qf3+ 38. Ke1 Qxe3+ 39. Qe2 Nf3+
40. Kd1 Qxe2+ 41. Kxe2 Nxh2 42. Kd2 Kf7 43. Kc2 Ke7 44. Kb3 Kd6 45. Kb4 Kc6 46.
Ka5 Kb7 47. Kb4 Kb6 48. Bd2 Nf1 49. Bf4 a5+ 50. Kc3 g5 51. Bd6 Kc6 52. Bb8 Ne3
53. Ba7 Nd5+ 54. Kd3 h5 0-1

[Event "4NCL Division 3 North"]
[Site "Doncaster, ENG"]
[Date "2017.11.11"]
[Round "1.45"]
[White "McLean, Robert"]
[Black "Kildea, Robbie"]
[Result "0-1"]
[WhiteElo "2012"]
[BlackElo "1670"]
[PlyCount "36"]
[EventDate "2017.11.11"]
[WhiteTeam "3Cs 2"]
[BlackTeam "Enniscorthy"]

1. e4 d5 2. exd5 Nf6 3. d4 Nxd5 4. c4 Nf6 5. Nf3 Bf5 6. Nc3 e6 7. Be2 Nc6 8.
Be3 Bb4 9. O-O O-O 10. Nh4 Bxc3 11. bxc3 Ne4 12. Nxf5 Nxc3 13. Nh6+ gxh6 14.
Qc2 Nxd4 15. Bxd4 Nxe2+ 16. Qxe2 Qxd4 17. Rfd1 Qg7 18. Rd7 Qxa1+ 0-1

[Event "4NCL Division 3 North"]
[Site "Doncaster, ENG"]
[Date "2017.11.11"]
[Round "1.46"]
[White "Copeland, Dean"]
[Black "Hazlehurst, Cory S"]
[Result "0-1"]
[WhiteElo "1620"]
[BlackElo "2065"]
[PlyCount "120"]
[EventDate "2017.11.11"]
[WhiteTeam "Enniscorthy"]
[BlackTeam "3Cs 2"]

1. e4 c6 2. d4 d5 3. e5 c5 4. c3 Nc6 5. Nf3 Bg4 6. Be2 e6 7. Nbd2 Nge7 8. h3
Bxf3 9. Nxf3 Nf5 10. Bb5 cxd4 11. Bxc6+ bxc6 12. Nxd4 Nxd4 13. cxd4 Qa5+ 14.
Bd2 Qb5 15. Bc3 c5 16. Qe2 Rb8 17. Rc1 Be7 18. Rc2 Qxe2+ 19. Kxe2 c4 20. b3
cxb3 21. axb3 Bd8 22. Ra1 Bb6 23. Kd3 Kd7 24. Rac1 Rhc8 25. Bd2 Rxc2 26. Rxc2
Bd8 27. b4 Be7 28. Ra2 Rb7 29. b5 Kc7 30. Kc3 Kb8 31. Rb2 Rc7+ 32. Kd3 Rb7 33.
Kc3 Bd8 34. Kc2 Bb6 35. Kd3 Rc7 36. Bc3 Kb7 37. Rb3 Rc8 38. Rb2 Bd8 39. Bd2 Rc4
40. Rb4 Ba5 41. Rb2 Bxd2 42. Rxd2 Rb4 43. Kc2 Rxb5 44. Rd3 Kc6 45. Rf3 Rb7 46.
Rc3+ Kd7 47. Rf3 Kc8 48. Rg3 g6 49. Rf3 a5 50. Ra3 Ra7 51. Kb3 Rb7+ 52. Kc3 Rb5
53. Kc2 Kd7 54. Rf3 Ke7 55. Rc3 Rb4 56. Rc7+ Ke8 57. Kc3 Ra4 58. Rc5 Ra2 59. f4
Rxg2 60. Rxa5 Rg3+ 0-1

[Event "4NCL Division 3 North"]
[Site "Doncaster, ENG"]
[Date "2017.11.11"]
[Round "1.51"]
[White "Whitfield, Craig M"]
[Black "Turner, John M"]
[Result "1-0"]
[WhiteElo "2074"]
[BlackElo "2004"]
[PlyCount "25"]
[EventDate "2017.11.11"]
[WhiteTeam "Cheddleton 2"]
[BlackTeam "Holmes Chapel"]

1. d4 d5 2. Bf4 Nf6 3. e3 e6 4. Nf3 Bd6 5. Bg3 c5 6. c3 Nc6 7. Nbd2 O-O 8. Bd3
Qe7 9. Ne5 Nd7 10. Nxd7 Bxd7 11. Bxd6 Qxd6 12. dxc5 Qxc5 13. Bxh7+ 1-0

[Event "4NCL Division 3 North"]
[Site "Doncaster, ENG"]
[Date "2017.11.11"]
[Round "1.52"]
[White "Doran, Chris"]
[Black "Boswell, Jacob Connor"]
[Result "1-0"]
[WhiteElo "1973"]
[BlackElo "2027"]
[PlyCount "107"]
[EventDate "2017.11.11"]
[WhiteTeam "Holmes Chapel"]
[BlackTeam "Cheddleton 2"]

1. e4 e5 2. Nf3 Nc6 3. Bb5 a6 4. Ba4 Nf6 5. O-O Be7 6. Re1 b5 7. Bb3 O-O 8. a4
b4 9. d3 d6 10. Nbd2 Na5 11. Ba2 c5 12. Nc4 Nxc4 13. Bxc4 Ne8 14. c3 bxc3 15.
bxc3 Qc7 16. Qe2 Bg4 17. a5 Kh8 18. h3 Bd7 19. d4 cxd4 20. cxd4 Bb5 21. Bxb5
axb5 22. Qxb5 exd4 23. Nxd4 Bf6 24. Be3 Qc5 25. Qa4 Qc8 26. Ra2 Nc7 27. Rc1 Qb7
28. Qc6 Qxc6 29. Rxc6 Na6 30. Rxd6 Be5 31. Rd7 Nb4 32. Ra4 Na6 33. Nc6 Bc3 34.
Rd3 Bb2 35. Rd2 Bf6 36. e5 Bxe5 37. Nxe5 Nb4 38. Rda2 Nxa2 39. Rxa2 f6 40. Nd7
Rfd8 41. Nc5 Kg8 42. a6 Rdc8 43. a7 Rc7 44. Na4 Raxa7 45. Bxa7 Rxa7 46. Nc3 Rc7
47. Nb5 Rd7 48. Ra8+ Kf7 49. Ra7 Rxa7 50. Nxa7 h5 51. f4 Ke6 52. Kf2 h4 53. Kf3
Kf5 54. Nc6 1-0